Foreign capital (Record no. 30497)

000 -LEADER
fixed length control field 00400pab a2200157 454500
008 - FIXED-LENGTH DATA ELEMENTS--GENERAL INFORMATION
fixed length control field 180718b1995 xxu||||| |||| 00| 0 eng d
100 ## - MAIN ENTRY--PERSONAL NAME
Personal name Diwan, Romesh
245 ## - TITLE STATEMENT
Title Foreign capital
Remainder of title economic reform or swadeshi.
260 ## - PUBLICATION, DISTRIBUTION, ETC.
Date of publication, distribution, etc. 1995
300 ## - PHYSICAL DESCRIPTION
Extent p.8
362 ## - DATES OF PUBLICATION AND/OR SEQUENTIAL DESIGNATION
Dates of publication and/or sequential designation 4 Nov
650 ## - SUBJECT ADDED ENTRY--TOPICAL TERM
Topical term or geographic name entry element Economic development - India
650 ## - SUBJECT ADDED ENTRY--TOPICAL TERM
Topical term or geographic name entry element Investments, Foreign - India
773 ## - HOST ITEM ENTRY
Main entry heading Statesman
909 ## -
-- 30497
Holdings
Withdrawn status Lost status Damaged status Not for loan Permanent Location Current Location Date acquired Barcode Date last seen Price effective from Koha item type
        Indian Institute of Public Administration Indian Institute of Public Administration 2018-07-19 AR30646 2018-07-19 2018-07-19 Articles

Powered by Koha